<?xml version="1.0" encoding="UTF-8"?>
<collection xmlns="http://www.loc.gov/MARC21/slim">
 <record>
  <leader>02442pam a22005657a 4500</leader>
  <controlfield tag="001">AALProQuestebook000024</controlfield>
  <controlfield tag="003">BD-DhAAL</controlfield>
  <controlfield tag="005">20230907110403.0</controlfield>
  <controlfield tag="006">m||||||||d||||||||</controlfield>
  <controlfield tag="007">cr||||||||||||</controlfield>
  <controlfield tag="008">220103t2013    enka     b    001 0 eng d</controlfield>
  <datafield tag="010" ind1=" " ind2=" ">
   <subfield code="a">  2012276464</subfield>
  </datafield>
  <datafield tag="015" ind1=" " ind2=" ">
   <subfield code="a">GBB2C3410</subfield>
   <subfield code="2">bnb</subfield>
  </datafield>
  <datafield tag="016" ind1="7" ind2=" ">
   <subfield code="a">016226138</subfield>
   <subfield code="2">Uk</subfield>
  </datafield>
  <datafield tag="020" ind1=" " ind2=" ">
   <subfield code="a">9781849042888 (pbk.)</subfield>
  </datafield>
  <datafield tag="020" ind1=" " ind2=" ">
   <subfield code="a">1849042888 (pbk.)</subfield>
  </datafield>
  <datafield tag="035" ind1=" " ind2=" ">
   <subfield code="a">(MiAaPQ)EBC1775272</subfield>
  </datafield>
  <datafield tag="035" ind1=" " ind2=" ">
   <subfield code="a">(Au-PeEL)EBL1775272</subfield>
  </datafield>
  <datafield tag="035" ind1=" " ind2=" ">
   <subfield code="a">(CaPaEBR)ebr11305157</subfield>
  </datafield>
  <datafield tag="035" ind1=" " ind2=" ">
   <subfield code="a">(CaONFJC)MIL895481</subfield>
  </datafield>
  <datafield tag="035" ind1=" " ind2=" ">
   <subfield code="a">(OCoLC)958501804</subfield>
  </datafield>
  <datafield tag="040" ind1=" " ind2=" ">
   <subfield code="a">MiAaPQ</subfield>
   <subfield code="b">$beng</subfield>
   <subfield code="e">$erda$epn</subfield>
   <subfield code="c">MiAaPQ</subfield>
   <subfield code="d">MiAaPQ</subfield>
   <subfield code="d">BD-DhAAL</subfield>
  </datafield>
  <datafield tag="042" ind1=" " ind2=" ">
   <subfield code="a">lccopycat</subfield>
  </datafield>
  <datafield tag="043" ind1=" " ind2=" ">
   <subfield code="a">f-et---</subfield>
  </datafield>
  <datafield tag="050" ind1="0" ind2="0">
   <subfield code="a">PN4784.D57</subfield>
   <subfield code="b">F73 2013</subfield>
  </datafield>
  <datafield tag="082" ind1="0" ind2="4">
   <subfield code="a">070.44936334</subfield>
   <subfield code="2">23</subfield>
  </datafield>
  <datafield tag="100" ind1="1" ind2=" ">
   <subfield code="a">Franks, Suzanne,</subfield>
   <subfield code="e">author.</subfield>
   <subfield code="9">43966</subfield>
  </datafield>
  <datafield tag="245" ind1="1" ind2="0">
   <subfield code="a">Reporting disasters</subfield>
   <subfield code="h">[electronic resource] :</subfield>
   <subfield code="b">famine, aid, politics and the media /</subfield>
   <subfield code="c">Suzanne Franks.</subfield>
  </datafield>
  <datafield tag="260" ind1=" " ind2=" ">
   <subfield code="a">London :</subfield>
   <subfield code="b">Hurst &amp; Company,</subfield>
   <subfield code="c">2013.</subfield>
  </datafield>
  <datafield tag="300" ind1=" " ind2=" ">
   <subfield code="a">1 online resource (236 pages) :</subfield>
   <subfield code="b">illustrations</subfield>
  </datafield>
  <datafield tag="500" ind1=" " ind2=" ">
   <subfield code="a">&lt;strong&gt;Off-Campus Access:&lt;/strong&gt; Athens ID and Password Required</subfield>
  </datafield>
  <datafield tag="500" ind1=" " ind2=" ">
   <subfield code="a">&lt;strong&gt;On-Campus Access:&lt;/strong&gt; No User ID or Password Required</subfield>
  </datafield>
  <datafield tag="500" ind1=" " ind2=" ">
   <subfield code="a">Access type: Perpetual access for unlimited users</subfield>
  </datafield>
  <datafield tag="504" ind1=" " ind2=" ">
   <subfield code="a">Includes bibliographical references (pages 179-227) and index.</subfield>
  </datafield>
  <datafield tag="526" ind1=" " ind2=" ">
   <subfield code="a">ARC</subfield>
   <subfield code="x">Dr. Imon Chowdhooree
Assistant  Professor</subfield>
  </datafield>
  <datafield tag="538" ind1=" " ind2=" ">
   <subfield code="a">Mode of access: Internet</subfield>
  </datafield>
  <datafield tag="541" ind1=" " ind2=" ">
   <subfield code="a">ProQuest</subfield>
   <subfield code="h">$35.98</subfield>
  </datafield>
  <datafield tag="650" ind1=" " ind2="0">
   <subfield code="a">Disasters</subfield>
   <subfield code="x">Press coverage</subfield>
   <subfield code="x">Moral and ethical aspects.</subfield>
   <subfield code="9">43967</subfield>
  </datafield>
  <datafield tag="650" ind1=" " ind2="0">
   <subfield code="a">Famines</subfield>
   <subfield code="x">Press coverage</subfield>
   <subfield code="z">Ethiopia.</subfield>
   <subfield code="9">43968</subfield>
  </datafield>
  <datafield tag="650" ind1=" " ind2="0">
   <subfield code="a">Journalism</subfield>
   <subfield code="x">Political aspects.</subfield>
   <subfield code="9">43969</subfield>
  </datafield>
  <datafield tag="650" ind1=" " ind2="0">
   <subfield code="a">Mass media and public opinion.</subfield>
   <subfield code="9">43970</subfield>
  </datafield>
  <datafield tag="650" ind1=" " ind2="0">
   <subfield code="a">Economic assistance</subfield>
   <subfield code="z">Ethiopia.</subfield>
   <subfield code="9">43971</subfield>
  </datafield>
  <datafield tag="650" ind1=" " ind2="0">
   <subfield code="a">Electronic books.</subfield>
   <subfield code="9">43972</subfield>
  </datafield>
  <datafield tag="651" ind1=" " ind2="0">
   <subfield code="a">Ethiopia</subfield>
   <subfield code="x">Social conditions</subfield>
   <subfield code="y">1974-</subfield>
   <subfield code="9">43973</subfield>
  </datafield>
  <datafield tag="651" ind1=" " ind2="0">
   <subfield code="a">Ethiopia</subfield>
   <subfield code="x">Politics and government</subfield>
   <subfield code="y">20th century.</subfield>
   <subfield code="9">43974</subfield>
  </datafield>
  <datafield tag="852" ind1=" " ind2=" ">
   <subfield code="a">Ayesha Abed Library</subfield>
  </datafield>
  <datafield tag="856" ind1=" " ind2=" ">
   <subfield code="z">Full text available on ProQuest</subfield>
   <subfield code="u">https://ebookcentral.proquest.com/lib/bracu/detail.action?docID=1775272</subfield>
  </datafield>
  <datafield tag="942" ind1=" " ind2=" ">
   <subfield code="2">ddc</subfield>
   <subfield code="c">EBK</subfield>
  </datafield>
  <datafield tag="999" ind1=" " ind2=" ">
   <subfield code="c">43395</subfield>
   <subfield code="d">43395</subfield>
  </datafield>
  <datafield tag="952" ind1=" " ind2=" ">
   <subfield code="0">0</subfield>
   <subfield code="1">0</subfield>
   <subfield code="2">ddc</subfield>
   <subfield code="4">0</subfield>
   <subfield code="6">070_449363340000000_FRA</subfield>
   <subfield code="7">0</subfield>
   <subfield code="9">69652</subfield>
   <subfield code="a">BRACUL</subfield>
   <subfield code="b">BRACUL</subfield>
   <subfield code="d">2022-01-03</subfield>
   <subfield code="e">ProQuest</subfield>
   <subfield code="g">3078.66</subfield>
   <subfield code="l">0</subfield>
   <subfield code="o">070.44936334 FRA</subfield>
   <subfield code="r">2022-01-03</subfield>
   <subfield code="w">2022-01-03</subfield>
   <subfield code="y">EBK</subfield>
   <subfield code="x">As discussed with Acquisition team, according to invoice date (23.12.2021) of the ebook, converted USD $35.98 to BDT 3,078.66.</subfield>
  </datafield>
 </record>
</collection>
